SPECIAL NEED CHILDREN & THEIR EDUCATION (Record no. 17558)

MARC details
000 -LEADER
fixed length control field 00276nam a22001217a 4500
003 - CONTROL NUMBER IDENTIFIER
control field SGT
082 ## - DEWEY DECIMAL CLASSIFICATION NUMBER
Classification number 370
Item number SRI
100 ## - MAIN ENTRY--PERSONAL NAME
Personal name SRIWASTVA, SACHIN
245 ## - TITLE STATEMENT
Title SPECIAL NEED CHILDREN & THEIR EDUCATION
260 ## - PUBLICATION, DISTRIBUTION, ETC. (IMPRINT)
Place of publication, distribution, etc PUB.
Name of publisher, distributor, etc SONALI PUB.
Year of Publication 2016
300 ## - PAGE DESCRIPTION
No. of Pages 240
942 ## - ADDED ENTRY ELEMENTS (KOHA)
Source of classification or shelving scheme Dewey Decimal Classification
Koha item type Books
942 ## - ADDED ENTRY ELEMENTS (KOHA)
-- 1
Holdings
Withdrawn status Lost status Source of classification or shelving scheme Damaged status Not for loan Collection code Home library Current library Date acquired SGTU Full call number Accession No. (Barcode) Date last seen Bill Date Koha item type Total Checkouts Date last borrowed
    Dewey Decimal Classification     EDUCATION SGT Engineering Library SGT Engineering Library 16/04/2019 SGTU 370 SRI ED3521 16/04/2019 16/04/2019 Books    
    Dewey Decimal Classification     EDUCATION SGT Engineering Library SGT Engineering Library 16/04/2019 SGTU 370 SRI ED3522 16/04/2019 16/04/2019 Books    
    Dewey Decimal Classification     EDUCATION SGT Engineering Library SGT Engineering Library 16/04/2019 SGTU 370 SRI ED3523 10/01/2023 16/04/2019 Books 1 05/01/2023
    Dewey Decimal Classification     EDUCATION SGT Engineering Library SGT Engineering Library 16/04/2019 SGTU 370 SRI ED3524 16/04/2019 16/04/2019 Books    
    Dewey Decimal Classification     EDUCATION SGT Engineering Library SGT Engineering Library 16/04/2019 SGTU 370 SRI ED3525 16/04/2019 16/04/2019 Books